[Event "Challenge"]
[Site "http://www.queenalice.com/game.php?id=1242781"]
[Date "2013.12.25"]
[Round "-"]
[White "lupo1"]
[Black "rogervolei"]
[Result "0-1"]
[WhiteElo "1691"]
[BlackElo "1713"]

1. e4 e6 2. Nf3 h6 3. d3 a6 4. Nc3 b5 5. a3 Bb7 6. b4 c6 7. Bb2 c5 8. Na2 d6 9.
c3 Nd7 10. a4 bxa4 11. Qxa4 Ne7 12. bxc5 Bc6 13. Qc2 Nxc5 14. Nd4 Ba4 15. Qd2
Nc6 16. Nc1 Nxd4 17. cxd4 Nb3 18. Qc2 Qa5+ 19. Qc3 Qxc3+ 20. Bxc3 Nxa1 21. Bxa1
d5 22. f3 Rc8 23. Ne2 Bb4+ 24. Kf2 g5 25. f4 Rc2 26. g3 g4 27. h3 f5 28. Bg2 Bb5
29. Rb1 Ba5 30. exd5 Bxd3 31. Rb8+ Bd8 32. Bf1 exd5 33. hxg4 fxg4 34. Ke3 Bxe2
35. Bxe2 h5 36. Bd3 Ra2 37. Bc3 O-O 38. Bg6 Ra3 39. Rc8 h4 40. gxh4 Bxh4 41. Rc6
g3 42. Kf3 Kg7 43. Bd3 a5 44. Kg4 g2 45. Rg6+ Kf7 46. Kf5 Rxc3 47. Be2 Rg3 48.
Bg4 g1=Q 0-1

[Event "Challenge"]
[Site "http://www.queenalice.com/game.php?id=1262982"]
[Date "2014.3.7"]
[Round "-"]
[White "lupo1"]
[Black "rogervolei"]
[Result "0-1"]
[WhiteElo "1690"]
[BlackElo "1749"]

1. e4 e6 2. Nf3 h6 3. d3 a6 4. Nc3 g5 5. h3 Bb4 6. Bd2 b5 7. a3 Bxc3 8. Bxc3 Nf6
9. g4 h5 10. Nxg5 hxg4 11. Qd2 gxh3 12. Qf4 Rh6 13. Nxh3 Ng8 14. Bg7 Rg6 15. Rg1
Rxg1 16. Nxg1 d6 17. Nf3 Qe7 18. Qg4 Nd7 19. Nd4 Bb7 20. Nb3 a5 21. d4 a4 22.
Nd2 c6 23. c4 bxc4 24. Bxc4 Ra5 25. f4 Ndf6 26. Qg1 Nh5 27. b4 axb3 28. Bxb3
Qh4+ 29. Kd1 Qxf4 30. Be5 dxe5 31. Qxg8+ Ke7 32. a4 exd4 33. Qh8 Nf6 34. Bc2 Rh5
35. Qxh5 Nxh5 36. Rb1 Bc8 37. Bd3 Ng3 38. Kc2 Qc7 39. Rb4 c5 40. Rc4 Ba6 0-1

[Event "Challenge"]
[Site "http://www.queenalice.com/game.php?id=1270962"]
[Date "2014.4.6"]
[Round "-"]
[White "zmanomega"]
[Black "lupo1"]
[Result "0-1"]
[WhiteElo "1615"]
[BlackElo "1676"]

1. e4 e5 2. Bc4 Nf6 3. f3 c6 4. d3 b5 5. Bb3 a5 6. c4 a4 7. Bc2 Bc5 8. Bg5 h6 9.
Bxf6 Qxf6 10. a3 Bxg1 11. Rxg1 Qh4+ 12. Ke2 Qxh2 13. cxb5 cxb5 14. Nc3 Ba6 15.
Nd5 Ra7 16. b3 axb3 17. Bxb3 d6 18. Nb4 Bc8 19. Bd5 O-O 20. Bc6 Bd7 21. Rc1 g5
22. Ra1 g4 23. Ke3 Qf4+ 24. Ke2 Bxc6 25. Nd5 Bxd5 26. exd5 Nd7 27. a4 b4 28. a5
Nf6 29. Qb3 Rfa8 30. Ra4 Qh2 31. Kf2 g3+ 32. Kf1 Rxa5 33. Rxa5 Rxa5 34. Qb2 Nxd5
35. Qb1 Ne3+ 36. Ke2 Nxg2 37. Rc1 Ra2+ 38. Rc2 Rxc2+ 0-1

[Event "Challenge"]
[Site "http://www.queenalice.com/game.php?id=1274529"]
[Date "2014.4.19"]
[Round "-"]
[White "mixatlas"]
[Black "lupo1"]
[Result "1-0"]
[WhiteElo "1223"]
[BlackElo "1624"]

1. e4 e5 2. Nf3 f6 3. d4 d6 4. d5 a6 5. b4 b5 6. c4 Bd7 7. c5 dxc5 8. bxc5 Bxc5
9. Qc2 Qe7 10. Be3 Bd6 11. Nh4 Kf7 12. Nf5 Bxf5 13. exf5 Nd7 14. Qc6 Nh6 15.
Bxh6 1-0

[Event "Challenge"]
[Site "http://www.queenalice.com/game.php?id=1274885"]
[Date "2014.4.21"]
[Round "-"]
[White "lupo1"]
[Black "Schichtl"]
[Result "1-0"]
[WhiteElo "1663"]
[BlackElo "1650"]

1. e4 g6 2. Nc3 c6 3. Nf3 f6 4. d3 e5 5. a3 Na6 6. b4 c5 7. h3 cxb4 8. axb4 Nxb4
9. Bd2 Nc6 10. Nb5 a6 11. Qb1 Rb8 12. Nc3 Qc7 13. Ne2 Bc5 14. g4 Nge7 15. h4 d6
16. Bh3 h6 17. Qc1 g5 18. Ng3 Qb6 19. O-O Ng6 20. Be3 Bxe3 21. fxe3 gxh4 22. Nh5
Kf7 23. Nxh4 Nxh4 24. Rxf6+ Ke7 25. Qe1 Be6 26. Qxh4 Qxe3+ 27. Rf2+ Qg5 28. Qg3
Rhf8 29. Raf1 Rf7 30. Rxf7+ Bxf7 31. Rf5 Qg6 32. Qf3 Nd4 33. Qf2 Nxf5 34. exf5
Qg5 35. Ng3 Rc8 36. c4 a5 37. Ne4 Qc1+ 38. Kg2 a4 39. f6+ Kd7 40. g5+ Be6 41.
Bxe6+ Kxe6 42. f7 Rf8 43. Qf6+ Kd7 44. Qxd6+ Kc8 45. Qxf8+ Kd7 46. Qd6+ 1-0

[Event "Challenge"]
[Site "http://www.queenalice.com/game.php?id=1274886"]
[Date "2014.4.21"]
[Round "-"]
[White "lupo1"]
[Black "vinoseco"]
[Result "0-1"]
[WhiteElo "1676"]
[BlackElo "1742"]

1. e4 c5 2. Nf3 Nc6 3. c3 g6 4. Bb5 a6 5. Bxc6 dxc6 6. a4 Bg4 7. h3 Bxf3 8. Qxf3
e6 9. Na3 Nf6 10. g4 h5 11. g5 Nh7 12. h4 Bd6 13. d3 O-O 14. Be3 f6 15. Rg1 fxg5
16. Qg2 g4 17. Bh6 Rf3 18. O-O-O Qxh4 19. Rdf1 Qf6 20. Nc4 Rd8 21. Kc2 g5 22. e5
Bxe5 23. Nxe5 Qxe5 24. Re1 Qf6 25. Re3 Rxf2+ 0-1

[Event "OS INCLIVEIS"]
[Site "http://www.queenalice.com/game.php?id=1275388"]
[Date "2014.4.23"]
[Round "-"]
[White "adelio"]
[Black "lupo1"]
[Result "0-1"]
[WhiteElo "1742"]
[BlackElo "1679"]

1. b4 e5 2. b5 c6 3. c4 d5 4. e3 Qf6 5. Nc3 e4 6. Be2 Nd7 7. Nh3 Nb6 8. Nf4 g6
9. h4 cxb5 10. h5 b4 11. Bb2 Nxc4 12. Bxc4 dxc4 13. Nfd5 Qc6 14. Nxe4 Qxd5 15.
Bxh8 Qxe4 16. f3 Qc6 17. Rc1 Be6 18. Rh4 O-O-O 19. Qe2 b5 20. Bd4 g5 21. Re4 Nh6
22. Bxa7 Rd3 23. Bd4 Ra3 24. Rxe6 Qxe6 25. d3 b3 26. dxc4 Bb4+ 27. Bc3 Rxa2 28.
Qd3 Bc5 29. Bd4 Bxd4 30. Qxd4 b4 31. Qc5+ Kd8 32. Rd1+ Ke8 33. Qb5+ Kf8 34.
Qxb4+ Kg7 35. Qxb3 Rxg2 36. Qc3+ f6 37. Kf1 Qh3 38. Rd7+ Nf7 39. h6+ Kg6 40.
Qd3+ f5 41. Ke1 Qg3+ 42. Kd1 Qxf3+ 43. Kc1 Qa8 44. Qc3 Rg1+ 45. Rd1 Rxd1+ 46.
Kxd1 Nxh6 47. Qd3 Ng4 48. Qd6+ Kh5 49. Ke2 Qe4 50. Qg3 Qxc4+ 51. Kd2 Qb3 52. Qg1
Qb2+ 53. Kd3 Ne5# 0-1

[Event "OS INCLIVEIS"]
[Site "http://www.queenalice.com/game.php?id=1275389"]
[Date "2014.4.23"]
[Round "-"]
[White "lupo1"]
[Black "adelio"]
[Result "0-1"]
[WhiteElo "1690"]
[BlackElo "1765"]

1. e4 g6 2. d3 c5 3. Nf3 Nc6 4. a3 d6 5. h3 e5 6. Nc3 Be6 7. Bd2 Be7 8. h4 Bg4
9. Be2 Bxf3 10. Bxf3 Bxh4 11. g3 Bf6 12. Nd5 h5 13. Bxh5 Nce7 14. Qf3 Nxd5 15.
exd5 Bg5 16. O-O-O Bxd2+ 17. Kxd2 Qg5+ 18. Kc3 gxh5 19. Rh4 b5 20. b4 Rc8 21.
Kb2 Nf6 22. Rdh1 c4 23. d4 c3+ 24. Kb3 Rc4 25. dxe5 Qxe5 26. Qd1 Qxd5 27. Qxd5
Nxd5 28. Rxc4 bxc4+ 29. Kxc4 Nb6+ 30. Kxc3 Kd7 31. Rh4 Rc8+ 32. Kb3 Rh8 33. c4
f5 34. Rd4 Ke6 35. c5 dxc5 36. bxc5 Nd5 37. Kc4 Nc7 38. c6 Rb8 39. Rd7 Rc8 40.
Kc5 Na6+ 41. Kb5 Nc7+ 42. Ka5 Nd5 43. Rxa7 Rxc6 44. Kb5 Rc2 45. f4 Ne7 46. a4
Kd6 47. Rxe7 Kxe7 48. a5 Kd7 49. a6 Kc8 50. Kb6 Rb2+ 51. Kc6 Kb8 52. Kc5 Ka7 0-1

[Event "Challenge"]
[Site "http://www.queenalice.com/game.php?id=1277221"]
[Date "2014.4.29"]
[Round "-"]
[White "lupo1"]
[Black "tucuman"]
[Result "1-0"]
[WhiteElo "1698"]
[BlackElo "1643"]

1. e4 e5 2. Nc3 Nf6 3. d3 d6 4. h3 a6 5. Nf3 h6 6. d4 exd4 7. Nxd4 Bd7 8. g4 Nc6
9. f3 Be7 10. a3 Nh7 11. Be3 Nxd4 12. Qxd4 Bf6 13. Qd2 O-O 14. O-O-O Bg5 15. f4
Be7 16. Bg2 c5 17. e5 Bc6 18. Bxc6 bxc6 19. h4 dxe5 20. fxe5 Qb6 21. Na4 Qb5 22.
Nc3 Qb7 23. Qe2 Rab8 24. b3 a5 25. Qc4 Qa7 26. Na4 Rfd8 27. e6 Rxd1+ 28. Rxd1
fxe6 29. Qxe6+ Kh8 30. Rd7 Qa6 31. Qxe7 Qf1+ 32. Kb2 Qf6+ 33. Nc3 Qxe7 34. Rxe7
c4 35. Bd4 Nf6 36. g5 hxg5 37. hxg5 Ne8 38. Ka2 Rd8 39. Bb6 cxb3+ 40. Kxb3 a4+
41. Nxa4 Rb8 42. Ka2 Nd6 43. Bc7 Rd8 44. Bxd8 Nb7 45. Rxb7 1-0

[Event "Challenge"]
[Site "http://www.queenalice.com/game.php?id=1278243"]
[Date "2014.5.2"]
[Round "-"]
[White "Schichtl"]
[Black "lupo1"]
[Result "0-1"]
[WhiteElo "1579"]
[BlackElo "1678"]

1. e4 e5 2. g3 Nf6 3. f3 a6 4. Bc4 b5 5. Bb3 Bb7 6. Nh3 h6 7. d4 Qe7 8. c3 exd4
9. Qxd4 Nxe4 10. fxe4 Bxe4 11. Rf1 Bg2+ 12. Be3 Bxh3 13. Rf3 f6 14. g4 h5 15.
Rxh3 a5 16. Kd2 Nc6 17. Qf4 O-O-O 18. Na3 Ne5 19. gxh5 Qd6+ 20. Bd4 Nc4+ 21.
Nxc4 Qxf4+ 22. Ne3 c5 23. Rf1 Qh6 24. Ke2 cxd4 25. cxd4 Re8 26. Rc1+ Kb8 27. Bf7
Re7 28. Bg6 Qg5 29. Rc5 Qg2+ 30. Kd3 Qxh3 31. Rxb5+ Kc7 32. Kc4 Rxe3 33. Rxa5
Qe6+ 34. Rd5 Qa6+ 35. Rb5 Qxa2+ 0-1

[Event "Challenge"]
[Site "http://www.queenalice.com/game.php?id=1280104"]
[Date "2014.5.8"]
[Round "-"]
[White "tucuman"]
[Black "lupo1"]
[Result "0-1"]
[WhiteElo "1666"]
[BlackElo "1712"]

1. c3 e5 2. e4 Nf6 3. d3 h6 4. Nd2 b5 5. h3 d6 6. Ngf3 Nc6 7. g3 g5 8. Nh2 d5 9.
Bg2 d4 10. O-O h5 11. c4 a6 12. a3 g4 13. h4 b4 14. Nb3 Be7 15. Bg5 a5 16. Qd2
a4 17. Nc1 Nd7 18. Bxe7 Qxe7 19. Na2 bxa3 20. bxa3 Nc5 21. Nc1 Na5 22. f3 Ncb3
23. Nxb3 Nxb3 24. Qg5 f6 25. Qg6+ Kd7 26. fxg4 Nxa1 27. Rxa1 Ba6 28. Qf5+ Kc6
29. gxh5 Rab8 30. Bh3 Rhd8 31. Qe6+ Qxe6 32. Bxe6 Rb3 33. Bd5+ Kc5 34. Kg2 Rxd3
35. Nf3 Rb8 36. Ne1 Rb2+ 37. Kh3 Re3 38. Kg4 Bc8+ 39. Be6 Bxe6# 0-1

[Event "Challenge"]
[Site "http://www.queenalice.com/game.php?id=1280107"]
[Date "2014.5.8"]
[Round "-"]
[White "lupo1"]
[Black "tucuman"]
[Result "0-1"]
[WhiteElo "1726"]
[BlackElo "1681"]

1. e4 e5 2. Nf3 d6 3. Nc3 Nf6 4. h3 a6 5. d3 h6 6. d4 Nc6 7. d5 Ne7 8. g4 Nh7 9.
h4 Bxg4 10. Bh3 Bxf3 11. Qxf3 Ng6 12. h5 Nh4 13. Qd3 Be7 14. Bd2 O-O 15. O-O-O
Bg5 16. Bf5 Nxf5 17. exf5 Bxd2+ 18. Rxd2 Qg5 19. Ne4 Qg2 20. Rh3 Qg1+ 21. Rd1
Qg4 22. Rg3 Qxf5 23. f3 Ng5 24. b3 Nxe4 25. fxe4 Qxh5 26. Rdg1 g5 27. Qf1 f6 28.
Qf5 Qf7 29. Rh3 Qh7 30. Rgh1 Qxf5 31. exf5 Kf7 32. Rxh6 Ke8 33. Rh8 Rd8 34.
Rxf8+ Kxf8 35. Rh8+ Ke7 36. Rh7+ Kf8 37. Rxc7 b5 38. Ra7 Rc8 39. Rxa6 g4 40.
Rxd6 Kf7 41. Rb6 Rd8 42. Rxb5 g3 0-1

[Event "Challenge"]
[Site "http://www.queenalice.com/game.php?id=1281252"]
[Date "2014.5.12"]
[Round "-"]
[White "lupo1"]
[Black "TomTheKing"]
[Result "0-1"]
[WhiteElo "1687"]
[BlackElo "1739"]

1. e4 e5 2. Nf3 Nc6 3. a3 Nf6 4. d3 Bc5 5. b4 Bd4 6. c3 Bb6 7. Bg5 h6 8. Bxf6
Qxf6 9. Nbd2 d6 10. h3 Bd7 11. Nc4 a5 12. Nxb6 cxb6 13. b5 Ne7 14. d4 Qf4 15.
Bd3 a4 16. g3 Qf6 17. d5 O-O 18. Rb1 Qg6 19. Rb4 Qh5 20. h4 Bg4 21. Be2 f5 22.
Nh2 Bxe2 23. Qxe2 Qxe2+ 24. Kxe2 f4 25. g4 Ng6 26. Nf3 Rfc8 27. Kd3 Kf7 28. h5
Ne7 29. g5 Rh8 30. Rg1 Nc8 31. Nh4 Na7 32. Nf5 Rad8 0-1

[Event "Challenge"]
[Site "http://www.queenalice.com/game.php?id=1281999"]
[Date "2014.5.16"]
[Round "-"]
[White "lupo1"]
[Black "heliosafo"]
[Result "0-1"]
[WhiteElo "1673"]
[BlackElo "1762"]

1. e4 e5 2. Nf3 d6 3. h3 a6 4. Nc3 g6 5. d3 Be7 6. d4 exd4 7. Qxd4 Bf6 8. Qe3
Ne7 9. Nd5 Nxd5 10. exd5+ Qe7 11. g4 Qxe3+ 12. fxe3 O-O 13. g5 Bd8 14. a4 a5 15.
Ra3 c6 16. c4 cxd5 17. cxd5 Bf5 18. Bd3 Bxd3 19. Rxd3 Na6 20. h4 Nc5 21. Ra3 f6
22. Nd4 fxg5 23. h5 gxh5 24. Rxh5 Rc8 25. Bd2 Ne4 26. Ne6 Rf5 27. Rb3 Nxd2 28.
Kxd2 Rxd5+ 29. Ke2 Re5 30. Rxb7 Rxe6 31. Kd3 Rc7 32. Rb8 Re8 33. e4 Kg7 34. Rb6
Rd7 35. Rb5 h6 0-1

[Event "Challenge"]
[Site "http://www.queenalice.com/game.php?id=1282368"]
[Date "2014.5.18"]
[Round "-"]
[White "lupo1"]
[Black "Abstro"]
[Result "0-1"]
[WhiteElo "1661"]
[BlackElo "1757"]

1. e4 e5 2. Nf3 Nc6 3. c3 Nf6 4. Bd3 Bc5 5. h3 a6 6. b4 Ba7 7. g4 d6 8. Qb3 b5
9. Ng5 d5 10. Bb2 Be6 11. Nxe6 fxe6 12. a4 Rb8 13. axb5 axb5 14. Na3 Nxe4 15.
Nxb5 Bxf2+ 16. Kd1 Ng3 17. Rh2 O-O 18. Kc2 e4 19. Bf1 Nxf1 20. Rxf1 Bg3 21. Rhh1
Rxf1 22. Rxf1 Rxb5 23. Qa4 Rb6 24. b5 Ne5 25. c4 Nxc4 26. Bd4 Rb7 27. Qa6 Rb6
28. Bxb6 cxb6 29. Qa1 e5 0-1

[Event "Challenge"]
[Site "http://www.queenalice.com/game.php?id=1282378"]
[Date "2014.5.18"]
[Round "-"]
[White "lupo1"]
[Black "cex5"]
[Result "0-1"]
[WhiteElo "1636"]
[BlackElo "1729"]

1. e4 e5 2. Nf3 Bd6 3. d3 Nc6 4. a3 Nf6 5. Nc3 O-O 6. h3 Bc5 7. b4 Bd4 8. Nxd4
exd4 9. Ne2 d6 10. c3 dxc3 11. Nxc3 Be6 12. Be3 d5 13. g4 Nxg4 0-1

[Event "Challenge"]
[Site "http://www.queenalice.com/game.php?id=1282380"]
[Date "2014.5.18"]
[Round "-"]
[White "zmanomega"]
[Black "lupo1"]
[Result "1-0"]
[WhiteElo "1593"]
[BlackElo "1708"]

1. e4 e5 2. Bc4 Nf6 3. d3 d6 4. h3 Be7 5. Nc3 a6 6. Nf3 h6 7. g4 Nc6 8. Nd5 Nxd5
9. Bxd5 Nb4 10. h4 Bxg4 11. Be3 f6 12. Bxb7 Rb8 13. Bd5 Nxd5 14. exd5 Rxb2 15.
c4 Qc8 16. Bc1 Bxf3 17. Qxf3 Rc2 18. O-O e4 19. Qxe4 Qh3 20. Qg2 Qxg2+ 21. Kxg2
g5 22. h5 g4 23. Kg3 f5 24. Bf4 Rc3 25. Rfd1 Bf6 26. a4 1-0